000 nam a22 7a 4500
999 _c55673
_d55673
003 OSt
005 20220921112129.0
008 220921b xxu||||| |||| 00| 0 eng d
040 _cIIMT UNIVERSITY, MEERUT
100 _aSHARMA, ARUN
245 _aDATA INTERPRETTION & LOGICAL REASONING -- CAT
260 _aTATA MCGRAW HILL
_bNEW DELHI
_c2011
300 _a6.19
942 _2ddc
_c09